| 000 | 01059nam a22003377a 4500 | ||
|---|---|---|---|
| 003 | CHAP | ||
| 005 | 20220329140508.0 | ||
| 008 | 971013s1955 r 00010 d | ||
| 010 | _a52821 | ||
| 011 | _a53793 | ||
| 035 | _a57943 | ||
| 040 | _cCHAP | ||
| 082 |
_a428.24 _bW7 |
||
| 100 | 0 | 0 |
_aWright, Audrey L. _9122792 |
| 245 | _aLet's learn English | ||
| 260 |
_aNew York : _bAmerican Book, _c1955 |
||
| 300 |
_av. _b: ilus. |
||
| 500 | _aLa biblioteca tiene: v.1 | ||
| 590 |
_aBATCH-UPD _b10 _c20130110 _lUCH01 _h0232 |
||
| 590 |
_aBATCH-UPD _b10 _c20130110 _lUCH01 _h0823 |
||
| 590 |
_aBATCH-UPD _b10 _c20130409 _lUCH01 _h2256 |
||
| 590 |
_aBATCH-UPD _b10 _c20130410 _lUCH01 _h1134 |
||
| 590 |
_aBATCH-UPD _b10 _c20130914 _lUCH01 _h1642 |
||
| 590 |
_aCONVERSION _b10 _c20130109 _lUCH01 _h1329 |
||
| 650 | 1 | 4 |
_aInglés _xEstudio y enseñanza. _958340 |
| 650 | 1 | 4 |
_aInglés _xLibros para extranjeros. _958343 |
| 700 | 0 |
_aMcGillivray, James H. _973527 |
|
| 901 | _aBK | ||
| 942 | _cLIBRO | ||
| 949 |
_a428.24 W7 _bBC _cLIBRO _d33724000434510 _eLIBRO _h4360 _i57943 _mD _si |
||
| 999 |
_c52821 _d52821 |
||